Paradise lost : ideal and tragic epic /

Bibliographic Details
Main Author: Blessington, Francis C., 1942-
Format: Book
Language:English
Published: Boston : Twayne Publishers, [1988]
Series:Twayne's masterwork studies ; no. 12.
Subjects:

MARC

Tag First Indicator Second Indicator Subfields
LEADER 00000cam a2200000 a 4500
001 in00000017631
005 20151007053449.0
008 870727s1988 mau b 00110 eng
010 |a  87021089  
020 |a 0805779698 
020 |a 0805780203 (pbk. : alk. paper) 
035 |a (OCoLC)16405406 
035 |9 AAB1745AM 
040 |a DLC  |c DLC  |d TXA  |d UtOrBLW 
049 |a TXAM  |c [A12610787] 
050 0 0 |a PR3562  |b .B534 1988 
082 0 |a 821/.4  |2 19 
100 1 |a Blessington, Francis C.,  |d 1942- 
245 1 0 |a Paradise lost :  |b ideal and tragic epic /  |c Francis C. Blessington. 
264 1 |a Boston :  |b Twayne Publishers,  |c [1988] 
264 4 |c ©1988 
300 |a xiv, 144 pages ;  |c 23 cm. 
336 |a text  |b txt  |2 rdacontent 
337 |a unmediated  |b n  |2 rdamedia 
338 |a volume  |b nc  |2 rdacarrier 
490 1 |a Twayne's masterwork studies ;  |v no. 12 
504 |a Bibliography: pages 133-140. 
500 |a Includes index. 
600 1 0 |a Milton, John,  |d 1608-1674.  |t Paradise lost. 
830 0 |a Twayne's masterwork studies ;  |v no. 12. 
999 |a MARS 
999 f f |s 2af36f4f-35ff-39bf-bd29-a859bf15fe4f  |i 4210603a-d4f1-3567-a26c-ba63c7109997  |t 0 
952 f f |p normal  |a Texas A&M University  |b College Station  |c Sterling C. Evans Library  |s Evans stk  |d Evans: Library Stacks  |t 0  |e PR3562 .B534 1988  |h Library of Congress classification  |i unmediated -- volume  |m A14822527415 
998 f f |a PR3562 .B534 1988  |t 0  |l Evans: Library Stacks